书目信息 |
| 题名: |
鲁迅日文作品集
|
|
| 作者: | 鲁迅 著 ;鲁迅纪念馆 编 | |
| 分册: | ||
| 出版信息: | 上海 上海文艺出版社 1981 |
|
| 页数: | 121页 | |
| 开本: | 21cm | |
| 丛书名: | ||
| 单 册: | ||
| 中图分类: | H369.4 | |
| 科图分类: | ||
| 主题词: | 鲁迅杂文 , 日语 | |
| 电子资源: | ||
| ISBN: | ||
| 000 | 00721nam0 2200265 45 | |
| 001 | 0181005901 | |
| 005 | 20061103155420.12 | |
| 010 | @b纪念本@dCNY2.30 | |
| 010 | @b精装@d¥2.05 | |
| 091 | @aCN@b10078.3222 | |
| 100 | @a19950508d1981 em y0chiy0121 ea | |
| 101 | 0 | @achi@cjpn |
| 102 | @aCN@b310000 | |
| 105 | @af z 000cy | |
| 200 | 10 | @a鲁迅日文作品集@Alu xun ri wen zuo pin ji@e日汉对照@f鲁迅著@g鲁迅纪念馆编 |
| 210 | @a上海@c上海文艺出版社@d1981 | |
| 215 | @a121页@c照片@d21cm | |
| 606 | @a鲁迅杂文 | |
| 606 | 0 | @a日语 |
| 690 | @aH369.4@v3 | |
| 701 | 0 | @a鲁迅@Alu xun@4著 |
| 712 | 02 | @a鲁迅纪念馆@Alu xun ji nian guan@4编 |
| 801 | 2 | @aCN@bNLC@c20061103 |
| 801 | 0 | @aCN@bTSSF |
| 905 | @a10447@dH369.4@e1 | |
| 鲁迅日文作品集:日汉对照/鲁迅著/鲁迅纪念馆编.-上海:上海文艺出版社,1981 |
| 121页:照片;21cm |
| ISBN (纪念本):CNY2.30 |
| ● |
| 相关链接 |
|
|
|
|
正题名:鲁迅日文作品集
索取号:H369.4/1
 
预约/预借
| 序号 | 登录号 | 条形码 | 馆藏地/架位号 | 状态 | 备注 |
| 1 | 0079930 | 001302904 | 第二样本阅览室/ [索取号:H369.4/1] | 在馆 |